000 00227nam a2200097Ia 4500
001 1048823
005 20250826232302.0
008 250824s9999 xx 000 0 und d
245 0 _aSU
_cGAMZE TUNCEL
260 _bMARTI YAYINCILIK
999 _c1048823
_d1048823